Вечерок (Запись № 11337320)

Подробности
000 -МАРКЕР
контрольное поле 02434ncm0a2200469 4500
001 - ИДЕНТИФИКАТОР ЗАПИСИ
контрольное поле RU\NLR\ONIZ\223417
005 - ИДЕНТИФИКАТОР ВЕРСИИ
контрольное поле 20260217124030.6
035 ## - ДРУГИЕ СИСТЕМНЫЕ НОМЕРА
Идентификатор записи (NLR Aleph) 011690875
071 20 - ИЗДАТЕЛЬСКИЙ НОМЕР
Номер, присвоенный агентством с 1127 к
100 ## - ДАННЫЕ ОБЩЕЙ ОБРАБОТКИ
Данные общей обработки 20180412d1984 u y0rusy50 ca
101 1# - ЯЗЫК РЕСУРСА
Язык текста, звукозаписи и т.д. русский
102 ## - СТРАНА ПУБЛИКАЦИИ ИЛИ ПРОИЗВОДСТВА
Страна публикации Российская Федерация
125 ## - ПОЛЕ КОДИРОВАННЫХ ДАННЫХ: ЗВУКОЗАПИСИ И НОТНЫЕ ИЗДАНИЯ
Форма изложения нотного текста ax
200 1# - ЗАГЛАВИЕ И СВЕДЕНИЯ ОБ ОТВЕТСТВЕННОСТИ
Основное заглавие Вечерок
Общее обозначение материала Ноты
Сведения, относящиеся к заглавию вок. цикл для сопрано, меццо-сопрано и фп.
Обозначение и номер части [Ч. 1]
Наименование части Альбомчик
Первые сведения об ответственности В. Гаврилин
210 ## - ПУБЛИКАЦИЯ, РАСПРОСТРАНЕНИЕ И ДР.
Место издания, распространения и т.д. Санкт-Петербург
Имя издателя, распространителя и т. д. Композитор
Дата издания, распространения и т.д. cop. 1984
215 ## - ФИЗИЧЕСКАЯ ХАРАКТЕРИСТИКА
Специфическое обозначение материала и объем 54 с.
Размеры 29 см
300 ## - ОБЩИЕ ПРИМЕЧАНИЯ
Текст примечания Предисл.: с. 2 обл. / А. Белоненко
300 ## - ОБЩИЕ ПРИМЕЧАНИЯ
Текст примечания Перед нот. текстом: З. А. Долухановой
300 ## - ОБЩИЕ ПРИМЕЧАНИЯ
Текст примечания Авт. слов: В. Гаврилин, А. Шульгина, Г. Гейне (пер. В. Левика), сл. нем. нар. песни
606 1# - НАИМЕНОВАНИЕ ТЕМЫ КАК ПРЕДМЕТ
Наименование темы Вокальные сочинения для сопрано, меццо-сопрано и фортепиано
Географический подзаголовок Россия
Хронологический подзаголовок 20 в.
Код системы nlr_sh
606 1# - НАИМЕНОВАНИЕ ТЕМЫ КАК ПРЕДМЕТ
Наименование темы Вокальные циклы
Географический подзаголовок СССР
Хронологический подзаголовок 20 в.
Код системы nlr_sh
686 ## - ИНДЕКСЫ ДРУГИХ КЛАССИФИКАЦИЙ
Индекс Щ942.29-42-043.2(2Р)
Издание LBC/SL
Код системы
700 #1 - ИМЯ ЛИЦА - ПЕРВИЧНАЯ ОТВЕТСТВЕННОСТЬ
Системный номер авторитетной/нормативной записи z01790
Начальный элемент ввода Гаврилин
Часть имени, кроме начального элемента ввода В. А.
Даты 1939-1999
Расширение инициалов личного имени Валерий Александрович
Код отношения Композитор
Графика поля Кириллица
702 #1 - ИМЯ ЛИЦА - ВТОРИЧНАЯ ОТВЕТСТВЕННОСТЬ
Системный номер авторитетной/нормативной записи z06790
Начальный элемент ввода Долуханова
Часть имени, кроме начального элемента ввода З.А.
Дополнения к именам, кроме дат меццо-сопрано
Даты 1918-2007
Расширение инициалов личного имени Зара Александровна
Код отношения Объект посвящения
Графика поля Кириллица
702 #1 - ИМЯ ЛИЦА - ВТОРИЧНАЯ ОТВЕТСТВЕННОСТЬ
Системный номер авторитетной/нормативной записи z07790
Начальный элемент ввода Гейне
Часть имени, кроме начального элемента ввода Г.
Даты 1797-1856
Расширение инициалов личного имени Генрих
Код отношения Лирик
Графика поля Кириллица
702 #1 - ИМЯ ЛИЦА - ВТОРИЧНАЯ ОТВЕТСТВЕННОСТЬ
Системный номер авторитетной/нормативной записи z08790
Начальный элемент ввода Шульгина
Часть имени, кроме начального элемента ввода А.А.
Даты 1937-2009
Расширение инициалов личного имени Альбина Александровна
Код отношения Лирик
Графика поля Кириллица
702 #1 - ИМЯ ЛИЦА - ВТОРИЧНАЯ ОТВЕТСТВЕННОСТЬ
Системный номер авторитетной/нормативной записи z09790
Начальный элемент ввода Левик
Часть имени, кроме начального элемента ввода В. В.
Даты 1907-1982
Расширение инициалов личного имени Вильгельм Вениаминович
Идентификатор авторитетной/нормативной записи RU\NLR\AUTH\770290677
Код отношения Переводчик
Графика поля Кириллица
790 #1 - ИМЯ ЛИЦА - АЛЬТЕРНАТИВНАЯ ФОРМА
Системный номер авторитетной/нормативной записи z01700
Начальный элемент ввода Gavrilin
Часть имени, кроме начального элемента ввода V. A.
Даты 1939-1999
Расширение инициалов личного имени Valerij Aleksandrovič
Код отношения Композитор
Графика поля Латинская
790 #1 - ИМЯ ЛИЦА - АЛЬТЕРНАТИВНАЯ ФОРМА
Системный номер авторитетной/нормативной записи z06702
Начальный элемент ввода Doluchanova
Часть имени, кроме начального элемента ввода Z. A.
Даты 1918-2007
Расширение инициалов личного имени Zara Aleksandrovna
Код отношения Объект посвящения
Графика поля Латинская
790 #1 - ИМЯ ЛИЦА - АЛЬТЕРНАТИВНАЯ ФОРМА
Системный номер авторитетной/нормативной записи z07702
Начальный элемент ввода Heine
Часть имени, кроме начального элемента ввода H.(.J.
Даты 1797-1856
Расширение инициалов личного имени Heinrich (Christian Johann)
Код отношения Лирик
Графика поля Латинская
790 #1 - ИМЯ ЛИЦА - АЛЬТЕРНАТИВНАЯ ФОРМА
Системный номер авторитетной/нормативной записи z08702
Начальный элемент ввода Šul`gina
Часть имени, кроме начального элемента ввода A.
Даты 1937-2009
Расширение инициалов личного имени Al`bina
Код отношения Лирик
Графика поля Латинская
790 #1 - ИМЯ ЛИЦА - АЛЬТЕРНАТИВНАЯ ФОРМА
Системный номер авторитетной/нормативной записи z09702
Начальный элемент ввода Levik
Часть имени, кроме начального элемента ввода V. V.
Даты 1907-1982
Расширение инициалов личного имени Vil`gelm Veniaminovič
Код отношения Переводчик
Графика поля Латинская
801 #0 - ИСТОЧНИК ЗАПИСИ
Страна Российская Федерация
Организация NLR
Дата составления 20180412
Правила каталогизации PSBO
801 #1 - ИСТОЧНИК ЗАПИСИ
Страна Российская Федерация
Организация NLR
Дата составления 20180412
Источник данных rusmarc
801 #2 - ИСТОЧНИК ЗАПИСИ
Страна Российская Федерация
Организация NLR
Дата составления 20191017
852 ## - МЕСТОНАХОЖДЕНИЕ И ШИФР ХРАНЕНИЯ
Идентификатор организации NLR
Шифр хранения (Call Number) М К-3/29426
Идентификатор единицы 267423
Номер экземпляра 1
852 ## - МЕСТОНАХОЖДЕНИЕ И ШИФР ХРАНЕНИЯ
Идентификатор организации NLR
Шифр хранения (Call Number) М К-3/29426а
Идентификатор единицы 267990
Номер экземпляра 2
942 ## - ДОПОЛНИТЕЛЬНЫЕ ЭЛЕМЕНТЫ ЗАПИСИ (АБИС)
Тип экземпляра АБИС Ноты
980 ## - КОЛЛЕКЦИЯ
Название коллекции Национальная библиография
980 ## - КОЛЛЕКЦИЯ
Название коллекции Отдел нот и звукозаписей
Экземпляры
Тип экземпляра Дата поступления Библиотека постоянного хранения Библиотека текущего хранения Место хранения Шифр хранения Статус экземпляра
Ноты 12.04.2018 РНБ (Московский) РНБ (Московский) Фонд нот и звукозаписей К-3/29426 К-3/29426  
Ноты 12.04.2018 РНБ (Московский) РНБ (Московский) Фонд нот и звукозаписей К-3/29426а К-3/29426а